[Event "BIH-chT"]
[Site "Neum"]
[Date "2011.06.09"]
[Round "6.4"]
[White "Kurajica, Bojan"]
[Black "Sprecic, Mustafa"]
[Result "1/2-1/2"]
[WhiteElo "2531"]
[BlackElo "2339"]
[PlyCount "44"]
[EventDate "2011.06.04"]
[EventType "team-tourn"]
[EventRounds "9"]
[EventCountry "BIH"]
[SourceTitle "CBM 142 Extra"]
[Source "ChessBase"]
[SourceDate "2011.06.27"]
[SourceVersion "1"]
[SourceVersionDate "2011.06.27"]
[SourceQuality "1"]
[WhiteTeam "Bihac"]
[BlackTeam "Zivinice"]
[WhiteTeamCountry "BIH"]
[BlackTeamCountry "BIH"]

1. Nf3 Nf6 2. d4 g6 3. c4 Bg7 4. g3 0-0 5. Bg2 c5 6. 0-0 cxd4 7. Nxd4 Nc6 8. c5 Qa5 9. Nb3 Qd8 10. Nc3 b6 11. e4 Ne8 12. Be3 bxc5 13. Nxc5 Rb8 14. Qc1 Nd6 15. Bf4 Ne5 16. Rd1 Nb5 17. Ne2 d6 18. h3 a5 19. Bh6 Bxh6 20. Qxh6 Qb6 21. Nd3 Nd4 22. Nxd4 Qxd4 1/2-1/2

[Event "BIH-chT"]
[Site "Neum"]
[Date "2011.06.08"]
[Round "5.4"]
[White "Sprecic, Mustafa"]
[Black "Dimitrijevic, Aleksandra"]
[Result "0-1"]
[WhiteElo "2339"]
[BlackElo "2263"]
[PlyCount "72"]
[EventDate "2011.06.04"]
[EventType "team-tourn"]
[EventRounds "9"]
[EventCountry "BIH"]
[SourceTitle "CBM 142 Extra"]
[Source "ChessBase"]
[SourceDate "2011.06.27"]
[SourceVersion "1"]
[SourceVersionDate "2011.06.27"]
[SourceQuality "1"]
[WhiteTeam "Zivinice"]
[BlackTeam "Siroki Brijeg"]
[WhiteTeamCountry "BIH"]
[BlackTeamCountry "BIH"]

1. d4 d5 2. Nf3 Nf6 3. g3 g6 4. Bg2 Bg7 5. 0-0 0-0 6. c4 c6 7. cxd5 cxd5 8. Nc3 Nc6 9. Bf4 Ne4 10. Rc1 Bf5 11. h3 h5 12. Ne5 Rc8 13. Nxc6 Rxc6 14. Nxe4 Rxc1 15. Bxc1 dxe4 16. e3 Qd5 17. Qa4 a6 18. b3 Rc8 19. Ba3 Bd7 20. Bxe4 Qe6 21. d5 Qxh3 22. Qa5 Qg4 23. Bg2 Bb5 24. Qd2 Bxf1 25. Kxf1 Bf6 26. d6 exd6 27. Bxb7 Qh3+ 28. Kg1 Rd8 29. Bxa6 h4 30. Bf1 Qg4 31. Be2 Qf5 32. g4 Qb1+ 33. Kh2 d5 34. Bd3 Qa1 35. f4 Ra8 36. Bc1 Rxa2 0-1

[Event "BIH-chT1"]
[Site "Tuzla"]
[Date "2010.07.21"]
[Round "5"]
[White "Sprecic, Mustafa"]
[Black "Dugonjic, Dragan"]
[Result "1-0"]
[WhiteElo "2335"]
[BlackElo "2110"]
[PlyCount "81"]
[EventDate "2010.07.18"]
[EventType "team-swiss"]
[EventRounds "9"]
[EventCountry "BIH"]
[SourceTitle "CBM 137 Extra"]
[Source "ChessBase"]
[SourceDate "2010.09.01"]
[SourceVersion "1"]
[SourceVersionDate "2010.09.01"]
[SourceQuality "1"]

1. d4 Nf6 2. Nf3 g6 3. g3 Bg7 4. Bg2 0-0 5. c4 d6 6. 0-0 Nc6 7. Nc3 Bd7 8. e4 a6 9. Re1 Rb8 10. Rb1 e5 11. d5 Ne7 12. c5 Ne8 13. b4 a5 14. bxa5 dxc5 15. Be3 b6 16. Nd2 Nd6 17. Bf1 Ra8 18. axb6 cxb6 19. Qb3 Nec8 20. Nc4 Nxc4 21. Bxc4 Kh8 22. Be2 f5 23. f3 Bf6 24. Bf2 Be7 25. a4 Bd6 26. Nb5 Bxb5 27. Bxb5 Ra7 28. Kg2 Raf7 29. Rf1 fxe4 30. fxe4 Bc7 31. Qc2 Nd6 32. Be2 Nb7 33. Be3 Rxf1 34. Bxf1 Qd7 35. Bb5 Qg4 36. Be2 Qd7 37. Bh6 Rb8 38. h3 Nd6 39. Bg4 Qe8 40. Rf1 Nf7 41. Qf2 1-0

[Event "BIH CFFBH-chT1"]
[Site "Cazin"]
[Date "2009.06.30"]
[Round "6"]
[White "Sprecic, Mustafa"]
[Black "Nestorovic, Nikola"]
[Result "0-1"]
[WhiteElo "2289"]
[BlackElo "2410"]
[PlyCount "62"]
[EventDate "2009.06.27"]
[EventType "team-tourn"]
[EventRounds "9"]
[EventCountry "BIH"]
[SourceTitle "EXT 2019"]
[Source "ChessBase"]
[SourceDate "2018.10.10"]
[SourceVersion "1"]
[SourceVersionDate "2018.10.10"]
[SourceQuality "1"]

1. d4 d5 2. Nf3 Nf6 3. g3 c6 4. Bg2 Bf5 5. 0-0 e6 6. b3 Be7 7. c4 0-0 8. Bb2 Nbd7 9. Nbd2 h6 10. Qc1 a5 11. a4 Qb6 12. c5 Qa6 13. Re1 b6 14. cxb6 Qxb6 15. Ne5 Nxe5 16. dxe5 Nd7 17. e4 Bg6 18. Bc3 Rfc8 19. Qd1 Nc5 20. h4 Rd8 21. h5 Bh7 22. exd5 cxd5 23. Qe2 Nd3 24. Rf1 Rdc8 25. Nb1 Qxb3 26. Qd2 Rc4 27. Bf3 Bg5 28. Bxa5 Bxd2 29. Nxd2 Qc2 30. Bd1 Qb2 31. Nxc4 Qxa1 0-1

[Event "BIH-chT2"]
[Site "Neum"]
[Date "2008.08.27"]
[Round "7.2"]
[White "Rosic, Slavko S"]
[Black "Sprecic, Mustafa"]
[Result "1-0"]
[WhiteElo "2244"]
[BlackElo "2280"]
[PlyCount "89"]
[EventDate "2008.08.23"]
[EventType "team"]
[EventRounds "9"]
[EventCountry "BIH"]
[SourceTitle "CBM 126 Extra"]
[Source "ChessBase"]
[SourceDate "2008.11.05"]
[SourceVersion "1"]
[SourceVersionDate "2008.11.05"]
[SourceQuality "1"]

1. e4 g6 2. d4 Bg7 3. Nc3 c6 4. Nf3 b5 5. a3 d6 6. h3 Nf6 7. Bg5 h6 8. Be3 a6 9. Qd2 Nfd7 10. Be2 Qc7 11. 0-0 Bb7 12. Rad1 Nb6 13. Rfe1 N8d7 14. Nh4 e6 15. f4 d5 16. f5 gxf5 17. exf5 0-0-0 18. fxe6 fxe6 19. b3 c5 20. Bxb5 cxd4 21. Bxd7+ Rxd7 22. Bxd4 e5 23. Bf2 Bf6 24. Nf5 Bg5 25. Qd3 Rf8 26. g4 h5 27. Bg3 Re8 28. gxh5 Bf6 29. Kh2 Qc6 30. a4 Rdd8 31. a5 e4 32. Nxe4 dxe4 33. Nd6+ Rxd6 34. Qxd6 Qxd6 35. Rxd6 Nd7 36. Red1 Re7 37. h6 e3 38. Re1 Bc3 39. h7 Rxh7 40. Rxe3 Bxa5 41. Re8+ Bd8 42. Rd4 Rh5 43. Bh4 Rxh4 44. Rxh4 Nf6 45. Rf4 1-0

[Event "BIH-chT2"]
[Site "Neum"]
[Date "2008.08.23"]
[Round "1.3"]
[White "Sprecic, Mustafa"]
[Black "Salkic, Fikret"]
[Result "1-0"]
[WhiteElo "2280"]
[BlackElo "2120"]
[PlyCount "89"]
[EventDate "2008.08.23"]
[EventType "team"]
[EventRounds "9"]
[EventCountry "BIH"]
[SourceTitle "CBM 126 Extra"]
[Source "ChessBase"]
[SourceDate "2008.11.05"]
[SourceVersion "1"]
[SourceVersionDate "2008.11.05"]
[SourceQuality "1"]

1. d4 Nf6 2. Nf3 g6 3. g3 Bg7 4. Bg2 0-0 5. 0-0 d6 6. c4 Nc6 7. Nc3 a6 8. e4 Rb8 9. a4 Re8 10. h3 e5 11. Be3 exd4 12. Nxd4 Bd7 13. Re1 Qc8 14. g4 h5 15. f3 hxg4 16. hxg4 Ne5 17. Bf1 c5 18. Nc2 Bc6 19. Bf4 Qc7 20. Bh2 Bh6 21. Be2 Bd7 22. g5 Bxg5 23. f4 Bh6 24. fxe5 dxe5 25. Rf1 Qc6 26. Qd3 Rbd8 27. Nd5 Nxd5 28. cxd5 Qb6 29. Kh1 Qd6 30. Qf3 Re7 31. Na3 b5 32. axb5 axb5 33. Nxb5 Bxb5 34. Bxb5 Rb8 35. Bc6 Rxb2 36. Qh3 Kg7 37. Rf3 c4 38. Raf1 Bg5 39. Rxf7+ Rxf7 40. Rxf7+ Kxf7 41. Qh7+ Kf8 42. Qh8+ Kf7 43. Qe8+ Kf6 44. Bxe5+ Qxe5 45. Qf8# 1-0

[Event "Tuzla"]
[Site "Tuzla"]
[Date "2007.??.??"]
[Round "5"]
[White "Sprecic, Mustafa"]
[Black "Solomunovic, Igor"]
[Result "1/2-1/2"]
[WhiteElo "2295"]
[BlackElo "2400"]
[PlyCount "85"]
[EventDate "2007.??.??"]
[EventType "tourn"]
[EventRounds "9"]
[EventCountry "BIH"]
[EventCategory "4"]
[SourceTitle "EXT 2010"]
[Source "ChessBase"]
[SourceDate "2010.11.25"]
[SourceVersion "1"]
[SourceVersionDate "2010.11.25"]
[SourceQuality "1"]

1. d4 d5 2. Nf3 Nf6 3. g3 Bf5 4. Bg2 c6 5. 0-0 h6 6. c4 e6 7. Nc3 Nbd7 8. b3 Bb4 9. Bb2 0-0 10. a3 Bd6 11. Nd2 e5 12. dxe5 Bxe5 13. cxd5 Nxd5 14. Rc1 Nxc3 15. Bxc3 Bxc3 16. Rxc3 Ne5 17. Qc1 Re8 18. b4 a5 19. bxa5 Rxa5 20. Nb3 Ra7 21. Rd1 Qa8 22. Nd4 Bh7 23. f4 Ng4 24. h3 Nf6 25. Nxc6 Ra4 26. Nb4 Qa7+ 27. e3 Be4 28. Bf1 Qb6 29. Rd4 Raa8 30. Bg2 Bxg2 31. Kxg2 Ne4 32. Rc7 Qg6 33. g4 h5 34. g5 Nd6 35. Rd3 Qe4+ 36. Kf2 Qe6 37. Qh1 Ne4+ 38. Kg2 Ra5 39. Rc2 Nc5 40. Rdc3 Ne4 41. Rd3 Nc5 42. Rdc3 Ne4 43. Rd3 1/2-1/2

[Event "BIH-chT2"]
[Site "Neum"]
[Date "2005.08.21"]
[Round "2"]
[White "Kozarcanin, Sead"]
[Black "Sprecic, Mustafa"]
[Result "0-1"]
[WhiteElo "2232"]
[BlackElo "2325"]
[PlyCount "100"]
[EventDate "2005.08.20"]
[EventType "team"]
[EventRounds "9"]
[EventCountry "BIH"]
[SourceTitle "EXT 2007"]
[Source "ChessBase"]
[SourceDate "2006.11.23"]
[SourceVersion "1"]
[SourceVersionDate "2006.11.23"]
[SourceQuality "1"]

1. Nf3 g6 2. g3 Bg7 3. Bg2 e5 4. d3 d5 5. Nbd2 Ne7 6. e4 dxe4 7. dxe4 0-0 8. 0-0 Be6 9. Qe2 Qc8 10. Nc4 Nbc6 11. c3 h6 12. b4 a6 13. a4 Re8 14. Bb2 f6 15. b5 Nd8 16. Rfd1 Nf7 17. Ba3 Kh7 18. Nfd2 axb5 19. axb5 Ra4 20. Bb4 Rxa1 21. Rxa1 Qd7 22. Ne3 Nc8 23. c4 Nfd6 24. Bf1 b6 25. c5 bxc5 26. Bxc5 Qf7 27. Rc1 Rd8 28. Nec4 Nxb5 29. Na5 Nd4 30. Qa6 f5 31. Bg2 f4 32. f3 fxg3 33. hxg3 h5 34. Rf1 Nb6 35. Bxd4 Rxd4 36. Rf2 Qd7 37. Nab3 Ra4 38. Qe2 Qd6 39. f4 Ra2 40. Qe3 Ra3 41. Rf1 Nc4 42. Qc5 Nxd2 43. Qxd6 cxd6 44. Nxd2 Rxg3 45. f5 Bf7 46. Kh2 Rd3 47. Nf3 Bh6 48. Nh4 Rd2 49. Nxg6 Bxg6 50. fxg6+ Kxg6 0-1